Repertorio geral alphabetico do Codigo Civil portuguez (Record no. 22022)
[ view plain ]
| 000 -LEADER | |
|---|---|
| campo de control de longitud fija | 00648nam a2200193 i 4500 |
| 001 - NÚMERO DE CONTROL | |
| campo de control | 22022 |
| 003 - IDENTIFICADOR DE NÚMERO DE CONTROL | |
| campo de control | ES-MaACL |
| 005 - FECHA Y HORA DE LA ÚLTIMA TRANSACCIÓN | |
| campo de control | 20230906152607.0 |
| 007 - CAMPO FIJO DE DESCRIPCIÓN FÍSICA--INFORMACIÓN GENERAL | |
| campo de control de longitud fija | t| |
| 008 - DATOS DE LONGITUD FIJA--INFORMACIÓN GENERAL | |
| campo de control de longitud fija | 021129s1867 po ||||1| por d |
| 110 1# - ENTRADA PRINCIPAL--NOMBRE DE ENTIDAD CORPORATIVA | |
| Nombre de entidad corporativa o nombre de jurisdicción como elemento de entrada | Portugal. |
| 9 (RLIN) | 6240 |
| 240 #0 - TÍTULO UNIFORME | |
| Título uniforme | Código civil, 1867 |
| 245 10 - MENCIÓN DEL TÍTULO | |
| Título | Repertorio geral alphabetico do Codigo Civil portuguez |
| Resto del título | : extractado e coordenado / |
| Mención de responsabilidad, etc. | por Anthero A. d'Almeida Araujo Pinto. |
| 260 ## - PUBLICACIÓN, DISTRIBUCIÓN, ETC. | |
| Lugar de publicación, distribución, etc. | Coimbra : |
| Nombre del editor, distribuidor, etc. | [s.n.], |
| Fecha de publicación, distribución, etc. | 1867 ( |
| Fabricante | Imp. da Universidade) |
| 300 ## - DESCRIPCIÓN FÍSICA | |
| Extensión | 112 p. ; |
| Dimensiones | 23 cm. |
| 650 #4 - PUNTO DE ACCESO ADICIONAL DE MATERIA--TÉRMINO DE MATERIA | |
| Término de materia o nombre geográfico como elemento de entrada | Derecho civil- |
| Subdivisión geográfica | Portugal. |
| 9 (RLIN) | 171509 |
| 700 1# - ENTRADA AGREGADA--NOMBRE PERSONAL | |
| Nombre de persona | Pinto, Antero A. d'Almeida Araújo. |
| 9 (RLIN) | 20117 |
| 852 ## - LOCALIZACIÓN | |
| Ubicación | ES-MaACL |
| Número de control de estantería | T-688-F-7 |
| Estatus retirado | Estado de pérdida | Estado de daño | No para préstamo | Colección | Biblioteca de origen | Biblioteca actual | Ubicación en estantería | Fecha de adquisición | Fuente de adquisición | Total de préstamos | Signatura topográfica completa | Código de barras | Visto por última vez | Precio de reemplazo | Tipo de ítem Koha |
|---|---|---|---|---|---|---|---|---|---|---|---|---|---|---|---|
| Colección de folletos | Biblioteca del Ateneo de Madrid | Biblioteca del Ateneo de Madrid | Depósito folletos | 17/01/2008 | T-688-F-7 | 1022635 | 23/02/2023 | 23/02/2023 | Folleto |
